| 000 | 00868cam a22002655a 4500 | ||
|---|---|---|---|
| 001 | 15612081 | ||
| 005 | 20180411145329.0 | ||
| 008 | 090204t2008 njua fr 001 0 eng d | ||
| 020 | _a9780131580510 | ||
| 020 | _a0131580515 | ||
| 040 |
_aDLC _cDLC _dDLC _dEG-ScBUE _beng |
||
| 082 | 0 | 4 |
_a005.133 _222 _bCHI |
| 100 | 1 | _aChilds, Jeffrey S. | |
| 245 | 1 | 0 |
_aC++ classes and data structures / _cJeffrey S. Childs. |
| 260 |
_aUpper Saddle River : _bPearson Prentice Hall, _cc.2008. |
||
| 300 |
_axvi, 400 p. : _bill. ; _c25 cm. |
||
| 500 | _aTitle on accompanying CD-ROM label: Microsoft Visual C++ 2005. | ||
| 500 | _aIncludes index. | ||
| 650 | 7 |
_aC++ (Computer program language) _2BUEsh _93406 |
|
| 650 | 7 |
_aData structures (Computer science) _2BUEsh _912448 |
|
| 651 | _2BUEsh | ||
| 653 |
_bENGELC _bCOMSCI _cApril2018 |
||
| 655 |
_vText book _933728 |
||
| 942 | _2ddc | ||
| 999 |
_c26498 _d26470 |
||